| 000 | 00627nam a2200193Ia 4500 | ||
|---|---|---|---|
| 003 | IN-BaIIA | ||
| 008 | 211028s9999 xx 000 0 eng d | ||
| 020 | _a0-8243-0914-6 | ||
| 040 | _cIIA Library | ||
| 080 |
_a(05)52 _bANN-14 |
||
| 245 | 0 |
_aAnnual review of astronomy and astrophysics _bvol. 14 _cedited by G. R. Burbridge |
|
| 260 |
_aPalo Alto _bAnnual Reviews _c1976 |
||
| 300 | _a500p. | ||
| 650 | _aAstronomy and astrophysics thesaurus | ||
| 650 |
_aAstronomy-Periodicals _94087 |
||
| 650 |
_aAstrophysics-Periodicals _94088 |
||
| 700 |
_aBurbridge, G. R., ed. _99429 |
||
| 942 | _cBK | ||
| 999 |
_c5419 _d5419 |
||